Les 50 personnages les plus cités dans Harry Potter - Statistiques

Statistiques générales
  • Ce quiz a été pris 1 542 fois
  • Le résultat moyen est 34 sur 50
Statistiques - réponses
Mentions Personnage % Correct
18 956 Harry Potter
100%
5 486 Hermione Granger
99%
6 464 Ron Weasley
99%
2 421 Albus Dumbledore
95%
1 797 Voldemort
93%
1 956 Severus Rogue
92%
1 198 Drago Malefoy
91%
920 Fred Weasley
90%
821 George Weasley
90%
2 024 Rubeus Hagrid
90%
771 Ginny Weasley
89%
770 Minerva McGonagall
88%
1 471 Sirius Black
88%
864 Remus Lupin
84%
722 Molly Weasley
83%
780 Arthur Weasley
82%
190 James Potter
82%
810 Neville Londubat
82%
220 Bellatrix Lestrange
81%
249 Lucius Malefoy
81%
356 Luna Lovegood
80%
302 Bill Weasley
76%
426 Percy Weasley
76%
353 Cédric Diggory
74%
215 Cho Chang
71%
469 Dobby
71%
258 Fleur Delacour
71%
637 Dolores Ombrage
69%
486 Peter Pettigrow
67%
583 Alastor Maugrey
66%
277 Viktor Krum
65%
467 Dudley Dursley
63%
314 Pétunia Dursley
63%
242 Nymphadora Tonks
61%
530 Vernon Dursley
61%
179 Seamus Finnigan
58%
228 Gregory Goyle
57%
204 Hedwige
57%
224 Vincent Crabbe
57%
212 Dean Thomas
55%
493 Cornelius Fudge
49%
262 Gilderoy Lockhart
44%
432 Horace Slughorn
41%
288 Argus Rusard
39%
295 Barty Croupton Senior
39%
312 Kreattur
36%
208 Olivier Dubois
35%
262 Sibylle Trelawney
35%
188 Rita Skeeter
24%
246 Ludovic Verpey
11%
Aucun quiz correspondant
Distribution des résultats
% des personnes avec chaque résultat
Percentile par nombre de réponses
Votre historique - résultats
Vous n’avez pas pris ce quiz